00761nam a2200181 a 4500008004100000020001800041050001500059100001700074245008500091260004900176300002200225350000900247650001400256650004000270995010900310999001700419952014300436101012s2007 ||||||||||||||||| || u a9780521876223 aQA 805 Mor aMorin, David10aIntroduction to classical mechanics: with problems and solutionscby David Morin aNew York:bCombbridge University Pressc2007 axvii, 719p.: ill. a0.00 aMECHANICS aMECHANICS--PROBLEMS, EXERCISES, ETC D0.00FCBU-MAIN LIBRARY (Kitwe)H1I0.00M1UAVAILABLEWNov 25, 2010ZMain Library Open Access Collection c47654d47654 00102lcc4070a001b001cMain Library Open Access Collectiond2022-11-30l1oQA 805 Morp741790r2026-05-13s2026-05-09w2022-11-30y002